000
00474nam a2200181Ia 4500
008
090124s9999 xx 000 0 und d
082
_b
18204
100
_a
राजे शैलजा
245
_a
सावर
250
_a
0
260
_b
दिलीप प्रकाशन
_c
1978
300
_a
168
600
_a
राजे शैलजा
630
_a
सावर
700
_a
राजे शैलजा
730
_a
सावर
942
_c
BOOK
999
_c
89801
_d
89801